Statistiques concernant ORELSAN - Finir Mal P2

Cliquez ici pour prendre le quiz!

Statistiques générales

  • Ce quiz a été pris 14 fois
  • Le résultat moyen est 78 sur 157

Statistiques - réponses

Réponse% Correct
à
90%
le
80%
ma
80%
mes
80%
la
70%
les
70%
moi
70%
pire
70%
ange"
60%
ça
60%
C'est
60%
c'est
60%
comme
60%
commence
60%
de
60%
des
60%
dès
60%
finit
60%
J'ai
60%
mon
60%
"Où
60%
par
60%
pas
60%
pour
60%
Quand
60%
Si
60%
tu
60%
veux
60%
"Bébé
50%
bien
50%
câlins
50%
est-ce
50%
et
50%
fête
50%
J'suis
50%
mange"
50%
mort
50%
p'tite
50%
pute
50%
que
50%
quoi
50%
qu'on
50%
sais
50%
sens
50%
ta
50%
tes
50%
t'étais
50%
ton
50%
toujours
50%
avec
40%
charmant
40%
cherches
40%
commences
40%
d'la
40%
en
40%
homme
40%
J'aurais
40%
j'dors
40%
j'fais
40%
jours
40%
j'réfléchis
40%
J'vais
40%
l'amour
40%
l'matin
40%
part
40%
plus
40%
potes
40%
prince
40%
problèmes
40%
p't-êt'
40%
puce
40%
qu'tu
40%
qu'un
40%
rien
40%
sera
40%
sortir
40%
t'en
40%
tenir
40%
tête
40%
tous
40%
une
40%
unique
40%
vie
40%
vraiment
40%
après
30%
avant
30%
batterie
30%
confier
30%
crois
30%
d'adresse
30%
d'affection
30%
d'signe
30%
enceinte
30%
j'disparais
30%
J'donne
30%
magie
30%
Maintenant
30%
mauvais
30%
musique
30%
passes
30%
pharmacie
30%
princesse
30%
public
30%
quelqu'un
30%
qu't'es
30%
raconter
30%
rentré
30%
sois
30%
souvenirs
30%
suis
30%
thérapie
30%
t'mentir
30%
t'offrir
30%
cangé
10%

Distribution des résultats

Percentile par nombre de réponses

% des personnes avec chaque résultat

Votre développement - résultats

Vous n’avez pas pris ce quiz